000 00548nam a2200169Ia 4500
003 IN-BaIIA
008 211028s9999 xx 000 0 eng d
040 _cIIA Library
080 _a038:41
_bACA
110 _aGermany. Academia pro interlingua
_9582
245 0 _aKey to interlingua or latin without inflections, to be used as an auxiliary language between peoples of different mother
_cAcademia pro interlingua
260 _aLondon
_bKegan Paul
_c1931
300 _av, 78p.
650 _aDictionaries
_9583
650 _aNASA Thesaurus
942 _cBK
999 _c296
_d296